Statistics for NFL Players you didn't know played for the Raiders

Click here to take the quiz!

General Stats

  • This quiz has been taken 17 times
  • The average score is 7 of 18

Answer Stats

Pos.Known ForPlayer% Correct
WRSFFJerry Rice
88%
WRPITAntonio Brown
75%
QBCIN and ARICarson Palmer
75%
SSFFRonnie Lott
69%
QBHOUMatt Schaub
56%
CBPITRod Woodson
56%
WRPHIDesean Jackson
44%
RBLAR and INDEric Dickerson
38%
RBJAXMaurice Jones-Drew
38%
WRLACTyrell Williams
38%
DENYGJustin Tuck
31%
RBDENC.J. Anderson
19%
DTTBBGerald McCoy
19%
OLBSFFNaVorro Bowman
19%
IOLBUFRichie Incognito
13%
RBSFFRoger Craig
13%
CBNOSDave Waymer
0%
OTWASJim Lachey
0%

Score Distribution

Percentile by Number Answered

Percent of People with Each Score

Your Score History

You have not taken this quiz